Normal view
MARC view
Entry Topical Term
001 - CONTROL NUMBER
- control field: 55789
003 - CONTROL NUMBER IDENTIFIER
- control field: OSt
005 - DATE AND TIME OF LATEST TRANSACTION
- control field: 20240102145415.0
008 - FIXED-LENGTH DATA ELEMENTS
- fixed length control field: 240102|| aca||aabn | a|a d
040 ## - CATALOGING SOURCE
- Original cataloging agency: OSt
- Transcribing agency: OSt
600 ## -
- : Kimeru language
- : Texts
670 ## - SOURCE DATA FOUND
- Source citation: Work cat.: (OSt)67805: Maandiko jamatheru ja Murungu, najo nijo Kiriikaniro Giikuru na Kiriikaniro Gikieru, c1964.
